HUMAN EMBRYOLOGY (Record no. 8287)

MARC details
000 -LEADER
fixed length control field 00336nam a22001577a 4500
003 - CONTROL NUMBER IDENTIFIER
control field SGT
082 ## - DEWEY DECIMAL CLASSIFICATION NUMBER
Classification number 611
Item number H15S
100 ## - MAIN ENTRY--PERSONAL NAME
Personal name SINGH, INDERBIR
245 ## - TITLE STATEMENT
Title HUMAN EMBRYOLOGY
250 ## - EDITION STATEMENT
Edition statement 10TH
260 ## - PUBLICATION, DISTRIBUTION, ETC. (IMPRINT)
Place of publication, distribution, etc DELHI
Name of publisher, distributor, etc HEALTH SCIENCE
Year of Publication 2015
300 ## - PAGE DESCRIPTION
No. of Pages 384
650 ## - SUBJECT ADDED ENTRY--TOPICAL TERM
Topical term or geographic name as entry element EMBRYOLOGY
653 ## - KEYWORDS--INDEX TERM
Keyword term HUMAN EMBRYOLOGY
942 ## - ADDED ENTRY ELEMENTS (KOHA)
Source of classification or shelving scheme Dewey Decimal Classification
Koha item type Books
100 ## - MAIN ENTRY--PERSONAL NAME
-- 1
942 ## - ADDED ENTRY ELEMENTS (KOHA)
-- 98
Holdings
Withdrawn status Lost status Source of classification or shelving scheme Damaged status Use restrictions Not for loan Collection code Home library Current library Shelving location Date acquired Vendor Name Cost, normal purchase price SGTU Bill Number Total Checkouts Full call number Accession No. (Barcode) Date last seen Date last borrowed Bill Date Koha item type Total Renewals
    Dewey Decimal Classification   Restricted Access   AYURVEDA SGT FA-FP Library SGT FA-FP Library Reference Book 02/03/2016 AHUJA 675.00 SGTU 6404 1 611 H15S FA2836 07/03/2018 22/02/2018 22/12/2015 Books  
    Dewey Decimal Classification       AYURVEDA SGT FA-FP Library SGT FA-FP Library Text Book 02/03/2016 AHUJA 675.00 SGTU 6404 32 611 H15S FA2837 09/04/2026 24/03/2026 22/12/2015 Books  
    Dewey Decimal Classification       AYURVEDA SGT FA-FP Library SGT FA-FP Library Text Book 02/03/2016 AHUJA 675.00 SGTU 6404 16 611 H15S FA2838 11/04/2025 28/03/2025 22/12/2015 Books  
    Dewey Decimal Classification       AYURVEDA SGT FA-FP Library SGT FA-FP Library Text Book 02/03/2016 AHUJA 675.00 SGTU 6404 1 611 H15S FA2839 12/07/2022 05/07/2022 22/12/2015 Books  
    Dewey Decimal Classification       AYURVEDA SGT FA-FP Library SGT FA-FP Library Text Book 02/03/2016 AHUJA 675.00 SGTU 6404 25 611 H15S FA2840 11/05/2026 20/04/2026 22/12/2015 Books  
    Dewey Decimal Classification       AYURVEDA SGT FA-FP Library SGT FA-FP Library Text Book 02/03/2016 AHUJA 675.00 SGTU 6404 29 611 H15S FA2841 22/04/2026 08/04/2026 22/12/2015 Books  
    Dewey Decimal Classification       AYURVEDA SGT FA-FP Library SGT FA-FP Library Text Book 02/03/2016 AHUJA 675.00 SGTU 6404 27 611 H15S FA2842 01/05/2026 15/04/2026 22/12/2015 Books  
    Dewey Decimal Classification       AYURVEDA SGT FA-FP Library SGT FA-FP Library Text Book 02/03/2016 AHUJA 675.00 SGTU 6404 27 611 H15S FA2843 06/05/2026 08/04/2026 22/12/2015 Books 1
    Dewey Decimal Classification       AYURVEDA SGT FA-FP Library SGT FA-FP Library Text Book 02/03/2016 AHUJA 675.00 SGTU 6404 28 611 H15S FA2844 20/04/2026 06/04/2026 22/12/2015 Books 1
    Dewey Decimal Classification       AYURVEDA SGT FA-FP Library SGT FA-FP Library Text Book 02/03/2016 AHUJA 675.00 SGTU 6404 17 611 H15S FA2845 13/04/2026 25/03/2026 22/12/2015 Books